Statistiken für Länder, die den Äquator berühren

Klicken Sie hier um das Quiz zu spielen!

Allgemein

  • Dieses Quiz wurde 102 mal gespielt
  • Das Durchschnittsergebnis liegt bei 7 aus 15

Antwortstatistiken

HintAntwort% Korrekt
5Brasilien
89%
8Demokratische Republik Kongo
74%
7Republik Kongo
74%
13Indonesien
73%
3Ecuador
71%
10Kenia
58%
4Kolumbien
54%
6Gabun
51%
11Somalia
46%
9Uganda
43%
12Malediven
25%
1Kiribati
20%
15Marshallinseln
11%
14Nauru
11%
2Vereinigte Staaten von Amerika
9%

Verteilung der Resultate

Perzentil nach korrekt beantworteten Fragen

Anzahl Personen mit jedem Resultat

Ihre Resultats-Entwicklung

Sie haben dieses Quiz noch nicht gespielt